000 00558nam a2200241 a 4500
001 nice12345678
003 IN_TiNIC
005 20260116011837.0
008 050524s1952 lona grp 000 0 eng
020 _a
_c100
082 0 0 _a181.4
_bWOO
100 _aWood, Earnest E
245 _aGlorious Presence
260 _aLondon
_bRider and Co
_c1952
300 _a248p
500 _aincludes index and biblioraphy
505 2 _aIndex
650 _aPhilosophy-Hindu
700 1 _aWood, Earnest E
902 _bSRS
942 _cBK
999 _c4383
_d4383